书目信息 |
| 题名: |
现代外国哲学
|
|
| 作者: | ;中国现代外国哲学学会 主编 | |
| 分册: | 5 | |
| 出版信息: | 北京 人民出版社 198.06 |
|
| 页数: | 370页 | |
| 开本: | 21cm | |
| 丛书名: | ||
| 单 册: | ||
| 中图分类: | B15 | |
| 科图分类: | ||
| 主题词: | 哲学--世界--现代 | |
| 电子资源: | ||
| ISBN: | ||
| 000 | 00618nam0 2200205 45 | |
| 001 | 0303190910 | |
| 005 | 20040508104102.9 | |
| 010 | @dCNY1.40 | |
| 091 | @a2001.261 | |
| 100 | @a20030319d198. km y0chiy0120 ea | |
| 101 | 0 | @achi |
| 105 | @a z 000yy | |
| 200 | 1 | @a现代外国哲学@h5@AXian Dai Wai Guo Zhe Xue@f中国现代外国哲学学会主编@FZhong Guo Xian Dai Wai Guo Zhe Xue Xue Hui Zhu Bian |
| 210 | @a北京@c人民出版社@d198.06 | |
| 215 | @a370页@d21cm | |
| 606 | 0 | @a哲学@x世界@x现代 |
| 690 | @aB15@v3 | |
| 711 | 02 | @a中国现代外国哲学学会@4主编 |
| 801 | @aCN@bTSTC@c20030319 | |
| 905 | @dB15@e12:5@f1@b112493@b112495@f1 | |
| 现代外国哲学.5/中国现代外国哲学学会主编.-北京:人民出版社,198.06 |
| 370页;21cm |
| ISBN :CNY1.40 |
| ● |
| 相关链接 |
|
|
|
|
正题名:现代外国哲学
索取号:B15/12:5
 
预约/预借
| 序号 | 登录号 | 条形码 | 馆藏地/架位号 | 状态 | 备注 |
| 1 | 0112493 | 001124624 | 第一样本阅览室/ [索取号:B15/12:5] | 在馆 | |
| 2 | 0112494 | 001872174 | 密集书库/ [索取号:B15/12:5] | 在馆 | |
| 3 | 0112495 | 001124633 | 密集书库/ [索取号:B15/12:5] | 在馆 | |
| 4 | 0112496 | 001864129 | 密集书库/ [索取号:B15/12:5] | 在馆 | |
| 5 | 0112497 | 001872165 | 密集书库/ [索取号:B15/12:5] | 在馆 |